Theory and Application on Cognitive Factors and Risk Management - New Trends and Procedures (Record no. 54127)
[ view plain ]
| 000 -LEADER | |
|---|---|
| fixed length control field | 01497nam a2200253Ia 4500 |
| 000 - LEADER | |
| fixed length control field | 01834naaa 00313uu |
| 001 - CONTROL NUMBER | |
| control field | https://directory.doabooks.org/handle/20.500.12854/60856 |
| 005 - DATE AND TIME OF LATEST TRANSACTION | |
| control field | 20260218110046.0 |
| 008 - FIXED-LENGTH DATA ELEMENTS--GENERAL INFORMATION | |
| fixed length control field | 211013s9999 xx 000 0 und d |
| 020 ## - INTERNATIONAL STANDARD BOOK NUMBER | |
| International Standard Book Number | 9789535132950 |
| 024 ## - OTHER STANDARD IDENTIFIER | |
| Standard number or code | 10.5772/65180 |
| 042 ## - AUTHENTICATION CODE | |
| Authentication code | dc |
| 245 #0 - TITLE STATEMENT | |
| Title | Theory and Application on Cognitive Factors and Risk Management - New Trends and Procedures |
| 260 ## - PUBLICATION, DISTRIBUTION, ETC. | |
| Name of publisher, distributor, etc. | IntechOpen |
| Date of publication, distribution, etc. | 2017 |
| 300 ## - PHYSICAL DESCRIPTION | |
| Extent | 1 electronic resource (132 p.) |
| 520 ## - SUMMARY, ETC. | |
| Summary, etc. | Risk management is an interdisciplinary discipline that involves several aspects. It is absolutely necessary to make sure we manage risks in order to minimize their threats and maximize their potential. This book tries to investigate the complexity that characterizes risk management. It contains original research and application chapters from different perspectives and covers different areas such as human aspects, emergency management, cognitive factors, software engineering, and marketing. The idea of the book is to expand the reader's consciousness to deal with problems regarding risk management. |
| 540 ## - TERMS GOVERNING USE AND REPRODUCTION NOTE | |
| Terms governing use and reproduction | All rights reserved |
| 653 ## - INDEX TERM--UNCONTROLLED | |
| Uncontrolled term | Operation Management |
| 700 1# - ADDED ENTRY--PERSONAL NAME | |
| Personal name | Antonella Petrillo |
| 700 1# - ADDED ENTRY--PERSONAL NAME | |
| Personal name | Fabio De Felice |
| 856 ## - ELECTRONIC LOCATION AND ACCESS | |
| Uniform Resource Identifier | <a href="https://docs.google.com/spreadsheets/d/1yKIrdCPDAG_9c22mwoOIO2DOhtj65Wqa/edit?usp=sharing&ouid=106555315294820607512&rtpof=true&sd=true ">https://docs.google.com/spreadsheets/d/1yKIrdCPDAG_9c22mwoOIO2DOhtj65Wqa/edit?usp=sharing&ouid=106555315294820607512&rtpof=true&sd=true </a> |
| Link text | List of Curated E-Books |
| 942 ## - ADDED ENTRY ELEMENTS (KOHA) | |
| Koha item type | E-Book |
| Withdrawn status | Source of classification or shelving scheme | Damaged status | Not for loan | Home library | Current library | Date acquired | Total Checkouts | Date last seen | Price effective from | Koha item type |
|---|---|---|---|---|---|---|---|---|---|---|
| Library of Congress Classification | Not For Loan | Directory of Open Access Books | Directory of Open Access Books | 12/22/2021 | 12/22/2021 | 12/22/2021 | E-Book |